• 首页
  • 本馆介绍
  • 公告通知
  • 最新文献
  • 馆藏检索
  • 电子资源
  • 读者导购
  • 参考咨询
  • 我的图书馆
  • 登录
  • 详细信息显示
  • 放入我的书架
  • 预约/预借图书
  • 作者相关作品
  • 分类相关作品
  • 丛书相关作品
  • 出版社相关作品

书目信息

  • 表格格式
  • 工作单格式
  • 卡片格式
题名:
荀子思想中的德性、人性与道德主体
    
 
作者: 克莱恩 , 艾文贺 编 ;陈光连 译
分册:  
出版信息: 南京   东南大学出版社  2016
页数: 236页
开本: 21cm
丛书名:
单 册:
中图分类: B222.65
科图分类:
主题词: 儒家--ru jia--思想评论--中国--战国时代
电子资源:
ISBN: 978-7-5641-6551-2
000 01350nam0 22002771 450
001 0102164912
005 20170502164912.0
010    @a978-7-5641-6551-2@dCNY39.80
100    @a20160930d2016 em y0chiy50 ea
101 0  @achi
102    @aCN@b110000
105    @aa z 000yy
106    @ar
200 1  @a荀子思想中的德性、人性与道德主体@9xun zi si xiang zhong de de xing ren xing yu dao de zhu ti@f克莱恩,艾文贺编@g陈光连译
210    @a南京@c东南大学出版社@d2016
215    @a236页@c图@d21cm
300    @a2015江苏社会科学基金一般项目 2016国家社会科学基金一般项目
314    @a陈光连 (1974-),男,江苏灌云人,副教授。
330    @a文集所收集的内容主要是关于荀子的伦理哲学。整体来说,这本文集支持了两个观点:第一,我们接受的正统的儒家教育对荀子著作是批判的,但相反的是,荀子的著作对儒家学术和中国哲学的发展起了重要的作用。甚至有人认为荀子的文章是更加精确的哲学解释,可以与儒学相当。第二,对于这些文章的详细考虑显露出了荀子的哲学的兴趣和重要性。荀子不简单是一个中国的哲学家,更是一名世界级的哲学家。他对美德、人性、道德行为的多种看法证明了他是中国哲学的先驱。
606 0  @a儒家@9ru jia@x思想评论@y中国@z战国时代
690    @aB222.65@v4
701  0 @a克莱恩@9ke lai en@4编
701  0 @a艾文贺@9ai wen he@4编
702  0 @a陈光连@9chen guang lian@f(1974-)@4译
801  0 @aCN@b百万庄@c20170308
905    @b1002628-33@dB222.65@e572@f6
    
    荀子思想中的德性、人性与道德主体/克莱恩,艾文贺编/陈光连译.-南京:东南大学出版社,2016
    236页:图;21cm
    2015江苏社会科学基金一般项目 2016国家社会科学基金一般项目
    
    ISBN 978-7-5641-6551-2:CNY39.80
    文集所收集的内容主要是关于荀子的伦理哲学。整体来说,这本文集支持了两个观点:第一,我们接受的正统的儒家教育对荀子著作是批判的,但相反的是,荀子的著作对儒家学术和中国哲学的发展起了重要的作用。甚至有人认为荀子的文章是更加精确的哲学解释,可以与儒学相当。第二,对于这些文章的详细考虑显露出了荀子的哲学的兴趣和重要性。荀子不简单是一个中国的哲学家,更是一名世界级的哲学家。他对美德、人性、道德行为的多种看法证明了他是中国哲学的先驱。
●
相关链接 在E读中查询图书 在五车中查询图书 在当当中查询图书 在豆瓣中查询图书


正题名:荀子思想中的德性、人性与道德主体     索取号:B222.65/572         预约/预借

序号 登录号 条形码 馆藏地/架位号 状态 备注
1 1002628   210026283   第一样本阅览室/ [索取号:B222.65/572] 在馆    
2 1002629   210026292   教育系资料室/ [索取号:B222.65/572] 在馆    
3 1002630   210026309   教育系资料室/ [索取号:B222.65/572] 在馆    
4 1002631   210026318   教育系资料室/ [索取号:B222.65/572] 在馆    
5 1002632   210026327   第一借阅区/ [索取号:B222.65/572] 在馆    
6 1002633   210026336   第一借阅区/ [索取号:B222.65/572] 在馆    
唐山师范学院图书馆 欢迎您!
大连网信软件有限公司© 版权所有